Progress to Proficiency Student is book

Sparad:
Bibliografiska uppgifter
Huvudupphovsman: Jones, Leo (Tác giả)
Övriga upphovsmän: Leo jones (Tác giả)
Materialtyp: Bok
Språk:Vietnamese
Publicerad: Cambridge University Press Cambridge 1986
Ämnen:
Taggar: Lägg till en tagg
Inga taggar, Lägg till första taggen!
Thư viện lưu trữ: Mạng thư viện Đại học Đà Nẵng
LEADER 01010nam a2200325 4500
001 000009600
003 5797
005 20111031081046.0
008 111031s1986 viesd
020 |c 20000đ 
041 0 |a vie 
082 |a 428  |b JO-L 
100 1 |a Jones, Leo  |e Tác giả 
245 0 |a Progress to Proficiency  |b Student is book  |c Leo Jones 
260 |a Cambridge University Press  |b Cambridge  |c 1986 
300 |a 313 tr.  |c 24 cm 
653 |a Tiếng Anh 
653 |a Student is book 
700 |a Leo jones  |e Tác giả 
910 |a duyên 
OWN |a LSP 
AVA |a UDN50  |b LSP  |d 428 JO-L  |e available  |t Error 5001 Not defined in file expand_doc_bib_avail.  |f 1  |g 0  |h N  |i 0  |k 1 
999 |a From the UDN01 
AVA |a UDN50  |b LSP  |d 428 JO-L  |e available  |t Error 5001 Not defined in file expand_doc_bib_avail.  |f 1  |g 0  |h N  |i 0  |k 1 
TYP |a Monograph 
TYP |a Printed language 
980 |a Mạng thư viện Đại học Đà Nẵng